000 01048 a2200229 4500
001 55284
005 20260407155827.0
008 260407a1979 arg spa d
003 AR-UNSa-BCEJYS
040 _aAR-UNSa-BCEJYS
_bspa
_cAR-UNSa-BCEJYS
080 _a330.34
_xDesarrollo Económico
245 1 0 _aTeoría y problemas de desarrollo económico
020 _a0-07-091970-4
264 1 _aBogotá :
_bMcGraw-Hill Interamericana
_c1979
300 _a240 p.
_c27 cm.
505 _a1. Desarrollo económico: una visión general - 2. Teorias generales del desarrollo y subdesarrollo - 3. La agricultura en el proceso del desarrollo - 4. Los problemas de la industrialización - 5. Desarrollo de los recursos humanos - 6. Ahorro e inversión - 7. Política monetaria y fiscal - 8. El papel del comercio en el desarrollo - 9. Ayuda externa e inversiones extranjeras - 10. Planeación del desarrollo
041 _aspa
942 _cBK
590 _aniveau_biblio:m niveau_hierar:0
100 1 _aSalvatore, Dominick
700 1 _aDowling, Edward T.
999 _c5907
_d5907